| 000 | 00700nam a2200253 i 4500 | ||
|---|---|---|---|
| 001 | 000000003 | ||
| 003 | DO-SdBNP | ||
| 005 | 20260319144408.0 | ||
| 007 | ta | ||
| 008 | 260319s2025 dr 0000 spa d | ||
| 020 | _a9789945656794 | ||
| 040 |
_aDO-SdBNP _bspa _cBNPHU |
||
| 041 | _aspa | ||
| 082 | 4 |
_a005 _bC642m _222 |
|
| 100 | 1 |
_aCoste, Ramón J. _eautor _989253 |
|
| 245 | 1 | 0 | _aEl manuscrito de Nikita |
| 264 | 1 |
_aSanto Domingo : _bEditorial Santuario ; _c2025. |
|
| 300 |
_a175 páginas _c6x9cm. |
||
| 336 |
_atexto _btxt _2rdacontent |
||
| 337 |
_asin mediación _bn _2rdamedia |
||
| 338 |
_avolumen _bnc _2rdacarrier |
||
| 650 | 4 |
_aNovelística dominicana _989254 |
|
| 942 |
_2ddc _cLBS1 |
||
| 999 |
_c60520 _d60520 |
||